Welcome to CU Library Online Public Access Catalogue (OPAC)

PREPARING OBJECTIVE EXAMINATIONS; (Record no. 2174)

MARC details
000 -LEADER
fixed length control field 00513nam a22001697a 4500
005 - DATE AND TIME OF LATEST TRANSACTION
control field 20241213163921.0
008 - FIXED-LENGTH DATA ELEMENTS--GENERAL INFORMATION
fixed length control field 241213b |||||||| |||| 00| 0 eng d
020 ## - INTERNATIONAL STANDARD BOOK NUMBER
International Standard Book Number 0876924968
050 ## - LIBRARY OF CONGRESS CALL NUMBER
Classification number LB3060
Item number .32.O35 HAR
100 ## - MAIN ENTRY--PERSONAL NAME
Personal name HARPER, EDWIN .A.
245 ## - TITLE STATEMENT
Title PREPARING OBJECTIVE EXAMINATIONS;
Remainder of title A HANDBOOK FOR TEACHERS, STUDENTS AND EXAMINERS
260 ## - PUBLICATION, DISTRIBUTION, ETC.
Place of publication, distribution, etc. NEW DELHI
Name of publisher, distributor, etc. PRENTICE-HALL OF INDIA
Date of publication, distribution, etc. c1992
300 ## - PHYSICAL DESCRIPTION
Extent xxiv,510p;
Other physical details ill.;
500 ## - GENERAL NOTE
General note includes index
700 ## - ADDED ENTRY--PERSONAL NAME
Personal name Harper, Erika S.
942 ## - ADDED ENTRY ELEMENTS (KOHA)
Source of classification or shelving scheme Library of Congress Classification
Koha item type Books
Suppress in OPAC No
999 ## -
-- 2174
-- 2174
Holdings
Withdrawn status Lost status Source of classification or shelving scheme Damaged status Not for loan Collection Home library Current library Shelving location Date acquired Total checkouts Full call number Barcode Date last seen Copy number Price effective from Koha item type
    Library of Congress Classification     Non-fiction Undergraduate Library (Christ Temple) Undergraduate Library (Christ Temple) General stacks 12/13/2024   LB3060.32.O35 HAR ulct00000631 12/13/2024 1 12/13/2024 Books
© 2023-2024 Copyright: Central University Libraries. All Rights Reserved | Created by: Mahone Tech Office